| 000 | 00365nam a22001577a 4500 | ||
|---|---|---|---|
| 003 | macl | ||
| 005 | 20170715131552.0 | ||
| 008 | 170715b xxu||||| |||| 00| 0 eng d | ||
| 040 | _cmacl | ||
| 082 | _a020 | ||
| 100 |
_aross , edward b _923489 |
||
| 245 | _acolon classificaton rules | ||
| 260 | _c1959 | ||
| 650 |
_acolon classificaton _968234 |
||
| 942 |
_2ddc _cBK |
||
| 999 |
_c56755 _d56755 |
||